Cell proliferation and hair tip growth in the Arabidopsis root are under mechanistically different forms of redox control (Record no. 46531)

MARC details
000 -LEADER
fixed length control field 00562nam a2200169Ia 4500
100 ## - MAIN ENTRY--AUTHOR NAME
Personal name Sanchez_Fernandez Rocio
245 #0 - TITLE STATEMENT
Title Cell proliferation and hair tip growth in the Arabidopsis root are under mechanistically different forms of redox control
260 ## - PUBLICATION, DISTRIBUTION, ETC. (IMPRINT)
Name of publisher Proceedings of the NAtional Academy of Sciences,USA
Year of publication 1997
300 ## - PHYSICAL DESCRIPTION
Number of Pages 2745-2750
650 ## - SUBJECT ADDED ENTRY--TOPICAL TERM
Topical Term Ascorbate
650 ## - SUBJECT ADDED ENTRY--TOPICAL TERM
Topical Term Bimane
650 ## - SUBJECT ADDED ENTRY--TOPICAL TERM
Topical Term Confocal laser scanning microscopy
650 ## - SUBJECT ADDED ENTRY--TOPICAL TERM
Topical Term Glutathione
650 ## - SUBJECT ADDED ENTRY--TOPICAL TERM
Topical Term Thiols
942 ## - ADDED ENTRY ELEMENTS (KOHA)
Koha item type Reprints
Holdings
Withdrawn status Lost status Damaged status Not for loan Home library Current library Date acquired Koha item type
      Reprints RRII Library RRII Library 22/12/2021 Reprints